000 00312nam a2200121 i 4500
001 bg
245 0 _aSłownik terminologii chemicznej polsko-niemiecko-angielsko- francusko-rosyjski.
260 _aWarszawa,
_c1974.
040 _cBPK
041 _apol
942 _cKS
008 s pl f |000 0 pol
999 _c17024
_d17024
856 _uhttp://koha.tu.koszalin.pl/cgi-bin/koha/opac-detail.pl?biblionumber=17024
_yKatalog online BPK